[Event "DEM U16 2025"]
[Site "Willingen GER"]
[Date "2025.06.13"]
[Round "8"]
[White "Jung, Marcel"]
[Black "Khachaturyan, Konstantin"]
[Result "1-0"]
[Termination "normal"]
[Board "16"]
[WhiteElo "1728"]
[BlackElo "1800"]
[WhiteClock "01:07:54"]
[BlackClock "00:41:17"]
[PlyCount "85"]
[WhiteFideId "34673881"]
[BlackFideId "16239083"]
[EventCountry "GER"]
[EventRounds "9"]
[EventType "swiss"]
[EventDate "2025.06.07"]

1. e4 {[%clk 01:30:53]} {[%emt 00:00:06]} c6 {[%clk 01:30:59]} {[%emt
00:00:02]} 2. Nc3 {[%clk 01:31:15]} {[%emt 00:00:07]} d5 {[%clk 01:31:27]}
{[%emt 00:00:03]} 3. Nf3 {[%clk 01:31:17]} {[%emt 00:00:28]} Bg4 {[%clk
01:31:47]} {[%emt 00:00:10]} 4. Be2 {[%clk 01:31:16]} {[%emt 00:00:30]} e6
{[%clk 01:31:52]} {[%emt 00:00:26]} 5. d4 {[%clk 01:31:14]} {[%emt 00:00:31]}
Nf6 {[%clk 01:28:44]} {[%emt 00:03:38]} 6. e5 {[%clk 01:31:16]} {[%emt
00:00:29]} Nfd7 {[%clk 01:28:43]} {[%emt 00:00:32]} 7. Ng5 {[%clk 01:31:41]}
{[%emt 00:00:04]} Bxe2 {[%clk 01:28:01]} {[%emt 00:01:12]} 8. Qxe2 {[%clk
01:31:27]} {[%emt 00:00:44]} h6 {[%clk 01:25:09]} {[%emt 00:03:21]} 9. Qh5
{[%clk 01:30:07]} {[%emt 00:01:49]} g6 {[%clk 01:20:33]} {[%emt 00:05:07]} 10.
Qh3 {[%clk 01:30:30]} {[%emt 00:00:07]} Qe7 {[%clk 01:18:31]} {[%emt 00:02:32]}
11. f4 {[%clk 01:26:00]} {[%emt 00:05:00]} Bg7 {[%clk 01:18:43]} {[%emt
00:00:18]} 12. Nf3 {[%clk 01:25:08]} {[%emt 00:01:22]} c5 {[%clk 01:15:51]}
{[%emt 00:03:22]} 13. Nb5 {[%clk 01:23:42]} {[%emt 00:01:56]} Nb6 {[%clk
01:15:54]} {[%emt 00:00:27]} 14. Nd6+ {[%clk 01:23:35]} {[%emt 00:00:38]} Kd8
{[%clk 01:14:10]} {[%emt 00:02:15]} 15. dxc5 {[%clk 01:21:18]} {[%emt
00:02:47]} Nc8 {[%clk 01:13:55]} {[%emt 00:00:44]} 16. O-O {[%clk 01:17:27]}
{[%emt 00:04:20]} Na6 {[%clk 01:12:46]} {[%emt 00:01:40]} 17. b4 {[%clk
01:14:23]} {[%emt 00:03:34]} b6 {[%clk 01:08:56]} {[%emt 00:04:20]} 18. Nd4
{[%clk 01:12:43]} {[%emt 00:02:09]} Nxb4 {[%clk 00:59:37]} {[%emt 00:09:50]}
19. Rb1 {[%clk 01:12:19]} {[%emt 00:00:53]} bxc5 {[%clk 00:58:29]} {[%emt
00:01:39]} 20. Rxb4 {[%clk 01:12:11]} {[%emt 00:00:38]} Nxd6 {[%clk 00:54:48]}
{[%emt 00:04:11]} 21. Nc6+ {[%clk 01:12:32]} {[%emt 00:00:09]} Kd7 {[%clk
00:55:15]} {[%emt 00:00:03]} 22. Nxe7 {[%clk 01:12:45]} {[%emt 00:00:17]} cxb4
{[%clk 00:55:40]} {[%emt 00:00:05]} 23. exd6 {[%clk 01:12:38]} {[%emt
00:00:37]} Kxd6 {[%clk 00:56:00]} {[%emt 00:00:09]} 24. Bd2 {[%clk 01:10:09]}
{[%emt 00:02:59]} a5 {[%clk 00:55:45]} {[%emt 00:00:46]} 25. Nxd5 {[%clk
01:10:00]} {[%emt 00:00:39]} exd5 {[%clk 00:55:55]} {[%emt 00:00:20]} 26. f5
{[%clk 01:10:06]} {[%emt 00:00:23]} Bd4+ {[%clk 00:53:14]} {[%emt 00:03:12]}
27. Be3 {[%clk 01:10:27]} {[%emt 00:00:08]} Be5 {[%clk 00:51:17]} {[%emt
00:02:27]} 28. Bf4 {[%clk 01:08:15]} {[%emt 00:02:43]} Bxf4 {[%clk 00:51:39]}
{[%emt 00:00:07]} 29. Rxf4 {[%clk 01:08:40]} {[%emt 00:00:06]} g5 {[%clk
00:52:05]} {[%emt 00:00:04]} 30. Rd4 {[%clk 01:08:54]} {[%emt 00:00:16]} Rac8
{[%clk 00:47:57]} {[%emt 00:04:38]} 31. Qd3 {[%clk 01:08:48]} {[%emt 00:00:36]}
Rc5 {[%clk 00:48:17]} {[%emt 00:00:10]} 32. Qa6+ {[%clk 01:08:54]} {[%emt
00:00:24]} Ke5 {[%clk 00:48:40]} {[%emt 00:00:07]} 33. Rd2 {[%clk 01:08:56]}
{[%emt 00:00:28]} Rhc8 {[%clk 00:43:20]} {[%emt 00:05:49]} 34. Re2+ {[%clk
01:07:56]} {[%emt 00:01:30]} Kxf5 {[%clk 00:42:20]} {[%emt 00:01:30]} 35. Rf2+
{[%clk 01:08:08]} {[%emt 00:00:18]} Ke4 {[%clk 00:42:20]} {[%emt 00:00:30]} 36.
Qf6 {[%clk 01:08:14]} {[%emt 00:00:24]} d4 {[%clk 00:41:55]} {[%emt 00:00:56]}
37. Qxf7 {[%clk 01:07:39]} {[%emt 00:01:05]} d3 {[%clk 00:41:27]} {[%emt
00:00:58]} 38. Qe6+ {[%clk 01:07:26]} {[%emt 00:00:43]} Kd4 {[%clk 00:41:47]}
{[%emt 00:00:09]} 39. Qd7+ {[%clk 01:07:38]} {[%emt 00:00:18]} Ke4 {[%clk
00:40:50]} {[%emt 00:01:28]} 40. Qxd3+ {[%clk 01:06:48]} {[%emt 00:01:19]} Ke5
{[%clk 00:41:15]} {[%emt 00:00:06]} 41. Rf5+ {[%clk 01:07:12]} {[%emt
00:00:06]} Ke6 {[%clk 00:41:40]} {[%emt 00:00:05]} 42. Qe4+ {[%clk 01:07:33]}
{[%emt 00:00:09]} Kd7 {[%clk 00:41:17]} {[%emt 00:00:52]} 43. Qd4+ {[%clk
01:07:54]} {[%emt 00:00:09]} 1-0